LIBRARY & INFORMATION CENTRE, KCAET, TAVANUR

ONLINE PUBLIC ACCESS CATALOGUE (OPAC)

Theory and design of irrigation structures:channels and tubewells vol-1 / (Record no. 9424)

MARC details
000 -LEADER
fixed length control field 00635cam a2200241ua 4500
020 ## - INTERNATIONAL STANDARD BOOK NUMBER
ISBN 81 85240 47 7
041 ## - LANGUAGE CODE
Language code of text/sound track or separate title eng
082 ## - DEWEY DECIMAL CLASSIFICATION NUMBER
Classification number 627.52
Item number VAR/TH
100 ## - MAIN ENTRY--AUTHOR NAME
Personal name Varshney, R.S.
245 ## - TITLE STATEMENT
Title Theory and design of irrigation structures:channels and tubewells vol-1 /
250 ## - EDITION STATEMENT
Edition statement 6 /
260 ## - PUBLICATION, DISTRIBUTION, ETC. (IMPRINT)
Place of publication Roorkee :
Name of publisher Nem Chand And Bros ,
Year of publication 1992.
300 ## - PHYSICAL DESCRIPTION
Number of Pages 567 ; .
500 ## - GENERAL NOTE
General note *CSS
700 1# - ADDED ENTRY--PERSONAL NAME
Personal name Gupta, R C .
700 1# - ADDED ENTRY--PERSONAL NAME
Personal name Gupta, S.C.
942 ## - ADDED ENTRY ELEMENTS (KOHA)
Koha item type Books

No items available.

free website counter